000 00814nam a2200265 i 4500
001 186516
003 SpMaBN
005 20230906222703.0
008 161121s2003 sp f c |||| | spa d
020 _a84-95183-98-6
080 _a77 Maquieira, Fernando F.
080 _a913(72)(0:77)
100 1 _aMaquieira, Fernando.
_9161340
245 1 0 _aVeintedías
_b: México /
_cFernando F. Maquieira.
246 3 3 _aVeinte días
260 _a[Alcobendas (Madrid)] :
_bTF,
_c[2003]
300 _a[104] p. de lám. fot. ;
_c23 cm.
490 1 _aArte sobre papel ;
_v4
594 _aDatos tomados de contracub.
650 4 _aFotografía-
_zMéxico.
_9161341
651 4 _aMéxico-
_vObras ilustradas.
_9161342
830 0 _aArte sobre papel ;
_v4
_9192569
852 _aES-MaACL
_jL-30860
999 _c186516
_d186516